The skillful teacher : on technique, trust, and responsiveness in the classroom

Main Author: Brookfield, Stephen D. (Author)
Published: San Francisco: Jossey-Bass Publishers, 1990.
Series:The Jossey-Bass higher education series
Subjects:
LEADER 00971cam a2200265 7i4500
001 0000015507
005 20200414090000.0
008 200414s1990 cau# ### #00001eng##
020 # # |a 0787956058  
040 # # |a UMT 
090 0 0 |a LB 2331   |b .B7 1990 
100 1 # |a Brookfield, Stephen D.   |e author  
245 1 4 |a The skillful teacher :   |b on technique, trust, and responsiveness in the classroom   |c Stephen D. Brookfield. 
264 # 1 |a San Francisco:   |b Jossey-Bass Publishers,   |c 1990. 
300 # # |a xxii, 233 pages;   |c 24 cm. 
336 # # |a text  |2 rdacontent 
337 # # |a unmediated  |2 rdamedia 
338 # # |a volume  |2 rdacarrier 
490 1 # |a The Jossey-Bass higher education series 
504 # # |a Includes bibliographical references and index 
590 # # |a Perpustakaan Sultanah Nur Zahirah 
650 0 0 |a College teaching  
650 0 0 |a College teachers --   |z United States  
830 # 0 |a The Jossey-Bass higher education series 
999 |a 1100000735  |b Book  |c Open Shelf  |e KOLEKSI TERBUKA